000
00312nam a22001337a 4500
008
171018b xxu||||| |||| 00| 0 eng d
020
_a
0133687708
041
_a
eng
080
_a
338
100
_a
53
101
_a
MEN
245
_a
A GUIDE TO COMMERCIAL ARTIFICIAL INTELLIGENCE
_c
HINDIN,W.B
942
_2
udc
_c
BK
999
_c
34602
_d
34602